Despidos laborales (Registro nro. 161563)
[ vista simple ]
| 000 -CABECERA | |
|---|---|
| campo de control de longitud fija | 01700naa a2200205 4500 |
| 001 - NÚMERO DE CONTROL | |
| campo de control | 161563 |
| 003 - IDENTIFICADOR DEL NÚMERO DE CONTROL | |
| campo de control | ES-MaBCM |
| 005 - FECHA Y HORA DE LA ÚLTIMA TRANSACCIÓN | |
| campo de control | 20241016190512.0 |
| 008 - CÓDIGOS DE INFORMACIÓN DE LONGITUD FIJA | |
| campo de control de longitud fija | 081013s2008 esp|r0p 0 ||spa d |
| 021 ## - | |
| -- | xx |
| 035 ## - NÚMERO DE CONTROL DEL SISTEMA | |
| Número de control de sistema | (OCoLC)1365191844 |
| 040 ## - FUENTE DE LA CATALOGACIÓN | |
| Centro transcriptor | ES-MaBCM |
| 100 1# - PUNTO DE ACCESO PRINCIPAL - NOMBRE DE PERSONA | |
| Nombre de persona | García Calavia, Miguel Ángel |
| 9 (RLIN) | 17398 |
| 245 00 - MENCIÓN DE TÍTULO | |
| Título | Despidos laborales |
| Resto del título | : fracturas sociales e identitarias |
| Mención de responsabilidad etc. | Miguel Ángel García Calavia |
| 520 0# - SUMARIO, ETC. | |
| Sumario etc. | Los varios miles de despidos colectivos que han inaugurado el comienzo de siglo en España no suponen sólo casi doscientos mil empleos destruidos, muchos de ellos con una larguísima vigencia, otros tantos proyectos de vida quebrados, sino también formas de reproducción social, de identidad rotas, instituciones y garantías sociales que se desmoronan. Sorprendentemente, estas fracturas sociales quedan eclipsadas con frecuencia tras unos discursos que apelan a los imperativos económicos, a las exigencias de la modernización, a los requerimientos de la lógica de la globalización. En el presente artículo se indagan las consecuencias del quebranto de la vinculación social entretejida en la segunda mitad del siglo XX para lo que se han reconstruido algunas de sus expresiones a partir de las narraciones efectuadas por quienes han perdido su puesto de trabajao en plantas de empresas que han sido o son líderes en sus respectivos mercados de productos, así como los procesos de cierre o ajuste colectivo de empleo. Contiene bibliografía |
| 650 27 - PUNTO DE ACCESO ADICIONAL DE MATERIA--TÉRMINO DE MATERIA | |
| Término de materia o nombre geográfico como elemento inicial | Despido colectivo |
| 9 (RLIN) | 58390 |
| 651 24 - PUNTO DE ACCESO ADICIONAL DE MATERIA--NOMBRE GEOGRÁFICO | |
| Nombre geográfico | España |
| 9 (RLIN) | 115342 |
| 773 0# - ENLACE AL DOCUMENTO FUENTE | |
| Encabezamiento principal | En: |
| Título | Revista internacional de sociología |
| Lugar editor y fecha de publicación | Madrid |
| Número de control del registro relacionado | 104404 |
| Parte(s) relacionada(s) | V. LXVI, n. 51 (sept.-dic. 2008), p. 123-144 |
| 942 ## - ELEMENTOS DE PUNTO DE ACCESO ADICIONAL (KOHA) | |
| Tipo de ítem Koha | Artículos de revistas |
| Estado de retiro | Estado de pérdida | Estado dañado | No para préstamo | Localización permanente | Ubicación/localización actual | Fecha de adquisición | Precio válido a partir de | Tipo de ítem Koha |
|---|---|---|---|---|---|---|---|---|
| Biblioteca Central del Ministerio de la Presidencia | Biblioteca Central del Ministerio de la Presidencia | 21/04/2012 | 21/04/2012 | Artículos de revistas |
